00804nam a2200205 a 450000100100000000500170001000800410002702000150006804000250008324500800010826000270018830000210021549000340023650000210027050400730029171000710036483000410043595201050047699900170058100004201820201002035904.0131030s2004 sp 000 0 spa d a8400083121 aDO-SdBNPbspacBNPHU00aSoñando con los Dogon :ben los orígenes de la etnografía francesa /. a2005,cMadrid :bCSIC. a394 p. ;c22 cm.1 aEstudios sobre la cienciav35 aIncluye índice aIncluye referencias bibliográficas y notas al pie de las páginas2 aConsejo Superior de Investigaciones Científicas(España)967719 0aEstudios sobre la cienciav35938739 001050718MOaGRbGRcCTd2013-10-30iLF1l0o p42018-10r2020-06-25w2020-06-25y1ZNo se presta c41507d41507